000 00703nab a2200229u 4500
001 22990
003 HDC
007 c| |||a|c|aaaa
008 210312b99999999my ||||o |||| 00| 0 eng d
040 _aHDC
245 0 _aBebola Ikan Dua Label Nama Dirampas
336 _atext
_2rdacontent
337 _acomputer
_2rdamedia
338 _aonline resource
_2rdacarrier
650 _aHalal food products
_92437
650 _ahalal label
_9985
710 _a365 News
856 _zRequest full-text at [email protected]
942 _2lcc
942 _cNEWS
942 _kNWS0 005137
999 _c20306
_d20306